Missions et Organisation Internationale du Travail (OIT) : quelles collaborations pour le développement ?

This article considers the links between development programs and policies set up by the International Labour Organization (ILO) and the actions and positions of Christian missions. It aims at understanding how and why the ILO and missions got in touch in the mid-1920s. Then it examines how these re...

Full description

Saved in:  
Bibliographic Details
Main Author: Zaragori, Aurélien 1986- (Author)
Format: Electronic Article
Language:French
Check availability: HBZ Gateway
Interlibrary Loan:Interlibrary Loan for the Fachinformationsdienste (Specialized Information Services in Germany)
Published: 2016
In: Social sciences and missions
Year: 2016, Volume: 29, Issue: 3/4, Pages: 310-342
Further subjects:B Missions International Labour Organization development labour standards conditions of work
B Missions Organisation internationale du travail développement travail action sociale
Online Access: Volltext (Publisher)

MARC

LEADER 00000caa a22000002c 4500
001 1562130331
003 DE-627
005 20220604142314.0
007 cr uuu---uuuuu
008 170808s2016 xx |||||o 00| ||fre c
024 7 |a 10.1163/18748945-02903003  |2 doi 
035 |a (DE-627)1562130331 
035 |a (DE-576)492130337 
035 |a (DE-599)BSZ492130337 
040 |a DE-627  |b ger  |c DE-627  |e rakwb 
041 |a fre 
084 |a 0  |a 1  |2 ssgn 
100 1 |0 (DE-588)1071902040  |0 (DE-627)826585922  |0 (DE-576)433413115  |4 aut  |a Zaragori, Aurélien  |d 1986- 
109 |a Zaragori, Aurélien 1986- 
245 1 0 |a Missions et Organisation Internationale du Travail (OIT) : quelles collaborations pour le développement ? 
264 1 |c 2016 
300 |a Online-Ressource 
336 |a Text  |b txt  |2 rdacontent 
337 |a Computermedien  |b c  |2 rdamedia 
338 |a Online-Ressource  |b cr  |2 rdacarrier 
520 |a This article considers the links between development programs and policies set up by the International Labour Organization (ILO) and the actions and positions of Christian missions. It aims at understanding how and why the ILO and missions got in touch in the mid-1920s. Then it examines how these relations strengthened up to the beginning of the 1970s, at first for the elaboration of international labour standards, and later as part of technical assistance programs. 
601 |a Mission 
601 |a Organisation 
601 |a Internationale 
650 4 |a Missions  |x International Labour Organization  |x development  |x labour standards  |x conditions of work 
650 4 |a Missions  |x Organisation internationale du travail  |x développement  |x travail  |x action sociale 
773 0 8 |i In  |t Social sciences and missions  |d Leiden : Brill, 2007  |g 29(2016), 3/4, Seite 310-342  |h Online-Ressource  |w (DE-627)557576180  |w (DE-600)2405319-3  |w (DE-576)306835673  |x 1874-8945  |7 nnas 
773 1 8 |g volume:29  |g year:2016  |g number:3/4  |g pages:310-342 
856 4 0 |u http://dx.doi.org/10.1163/18748945-02903003  |x Verlag  |3 Volltext  |7 1 
935 |a mteo 
951 |a AR 
ELC |a 1 
ITA |a 1  |t 1 
LOK |0 000 xxxxxcx a22 zn 4500 
LOK |0 001 2976987505 
LOK |0 003 DE-627 
LOK |0 004 1562130331 
LOK |0 005 20170808151330 
LOK |0 008 170808||||||||||||||||ger||||||| 
LOK |0 040   |a DE-Tue135  |c DE-627  |d DE-Tue135 
LOK |0 092   |o n 
LOK |0 852   |a DE-Tue135 
LOK |0 852 1  |9 00 
LOK |0 935   |a bril 
LOK |0 939   |a 08-08-17  |b l01 
ORI |a SA-MARC-ixtheoa001.raw 
REL |a 1 
SUB |a REL